Los humedales del acuífero de Madrid (Record no. 12730)

MARC details
000 -LEADER
campo de control de longitud fija 00811nam a2200229 i 4500
001 - NÚMERO DE CONTROL
campo de control 12730
003 - IDENTIFICADOR DE NÚMERO DE CONTROL
campo de control ES-MaACL
005 - FECHA Y HORA DE LA ÚLTIMA TRANSACCIÓN
campo de control 20251001154847.0
007 - CAMPO FIJO DE DESCRIPCIÓN FÍSICA--INFORMACIÓN GENERAL
campo de control de longitud fija t|
008 - DATOS DE LONGITUD FIJA--INFORMACIÓN GENERAL
campo de control de longitud fija 921021s1989 sp ||||0| spa d
020 ## - NÚMERO INTERNACIONAL ESTÁNDAR DEL LIBRO
Número Internacional Estándar del Libro 84-404-5064-8
080 ## - NÚMERO DE LA CLASIFICACIÓN DECIMAL UNIVERSAL
Número de la Clasificación Decimal Universal 556.4/56
245 04 - MENCIÓN DEL TÍTULO
Título Los humedales del acuífero de Madrid
Resto del título : inventario y tipología basada en su origen y funcionamiento /
Mención de responsabilidad, etc. [Coordinación Fernando Gónzalez Bernáldez, Carlos Montes].
260 ## - PUBLICACIÓN, DISTRIBUCIÓN, ETC.
Lugar de publicación, distribución, etc. Madrid :
Nombre del editor, distribuidor, etc. Canal Isabel II,
Fecha de publicación, distribución, etc. D.L. 1989.
300 ## - DESCRIPCIÓN FÍSICA
Extensión 92 p. :
Otras características físicas il. ;
Dimensiones 24 cm +
Material acompañante/anejo 1 map.
650 14 - PUNTO DE ACCESO ADICIONAL DE MATERIA--TÉRMINO DE MATERIA
Término de materia o nombre geográfico como elemento de entrada Zonas húmedas-
Subdivisión geográfica Madrid.
9 (RLIN) 17867
700 1# - ENTRADA AGREGADA--NOMBRE PERSONAL
Nombre de persona González Bernáldez, Fernando,
Fechas asociadas al nombre 1933-1992
9 (RLIN) 58454
700 1# - ENTRADA AGREGADA--NOMBRE PERSONAL
Nombre de persona Montes, Carlos.
9 (RLIN) 82550
710 2# - ENTRADA AGREGADA--NOMBRE DE ENTIDAD CORPORATIVA
Nombre de entidad corporativa o nombre de jurisdicción como elemento de entrada Canal de Isabel II.
9 (RLIN) 2422
852 ## - LOCALIZACIÓN
Ubicación ES-MaACL
Número de control de estantería L-20020
Sublocalización o colección R.118014
Holdings
Estatus retirado Estado de pérdida Estado de daño No para préstamo Biblioteca de origen Biblioteca actual Ubicación en estantería Fecha de adquisición Fuente de adquisición Total de préstamos Signatura topográfica completa Código de barras Visto por última vez Precio de reemplazo Tipo de ítem Koha
        Biblioteca del Ateneo de Madrid Biblioteca del Ateneo de Madrid Depósito 2 17/01/2008     L-20020 1012967 23/02/2023 23/02/2023 Libro impreso